000 00610nam a2200181Ia 4500
008 090630s9999 xx 000 0 und d
082 _b27346
100 _aकर्णिक मधु मंगेश.
245 _aझुंबर.
_cकर्णिक मधु मंगेश.
260 _bयशोदा - रत्नागिरी.
_c2006
300 _a135
600 _aकर्णिक मधु मंगेश.
630 _aझुंबर.
655 _aलघुकथा.
700 _aकर्णिक मधु मंगेश.
730 _aझुंबर.
942 _cBOOK
999 _c279202
_d279202